Open Data Biblioteca Nacional de Portugal


República Portuguesa: Ministério da Cultura
Biblioteca Nacional de Portugal

Catálogo da BNP: acesso por Identificadores Unívocos
Registos Bibliográficos associados ao registo de autoridade

Etiqueta de registo: 00254nam 2200025 450
001 2286347
003 http://id.bnportugal.gov.pt/bib/catbnp/2286347
010 ## $a978-989-703-290-5
021 ## $aPT$b508986/22
100 ## $a20260514d2022 k y0pory01030103ba
101 0# $apor
102 ## $aPT
105 ## $ay z 000yy
106 ## $ar
200 1# $aEspectrografias$edo marxismo à desconstrução$fcoord. Fernanda Bernardo$gautores André Mendes... [et al.]$gtrad. André Mendes, Bruno Padilha, Fernanda Bernardo
210 #9 $aCoimbra$cPalimage,$d2022
215 ## $a250, [4] p.$d23 cm
225 2# $aSkiagraphia's
701 #1 $96$aMendes,$bAndré$4070$31998456
702 #1 $aBernardo,$bFernanda$4340$3209533
702 #1 $aPadilha,$bBruno$4730$31576202
801 #0 $aPT$bBN$gRPC
966 ## $lBN$mFGMON$x1
971 ## $cssilva$d20260514

OpendataBNP@bnportugal.pt | Mais informação sobre acesso aos dados BNP